Responses for Show #2709 - Thursday, May 16, 1996

1996 Teen Tournament final game 1.

Contestants

[<< previous game]

Joe Gurski, a junior from Roselle, New Jersey

Amanda Goad, a junior from Richmond, Virginia

Derek Bridges, a junior from Greensburg, Pennsylvania

[next game >>]

Jeopardy! Round responses

THE 20th CENTURY
A IS FOR...
UNIVERSAL STUDIOS FLORIDA
WEATHER
HOLIDAYS & OBSERVANCES
COMMON BONDS
    $100 8
Stalin

Amanda
    $100 6
Tyrannosaurus rex

Amanda
    $100 21
Orlando

Derek
    $100 1
tornado

Derek
    $100 16
February 2nd

Derek
    $100 22
boards

Amanda
    $200 9
December 8th

Joe
    $200 7
the Brewers

Joe
    $200 23
Nickelodeon

Joe
    $200 2
the eye

Derek
    $200 17
New Zealand

Derek
    $200 25
to lick (things you lick)

Joe
    $300 10
Puerto Rico

Joe
    $300 13
(Amanda: What is the Congress?)
(Alex: Be more specific.)

the House

Amanda
    $300 24
Back to the Future

Amanda
    $300 3
a drought

Amanda
    $300 18
Lyndon Johnson

Joe
    $300 28
Jays

Derek
    $700 11
(Joe: What is Hoover Dam?)

the Golden Gate Bridge

Joe
    $400 14
(Gerald) Ford

Joe
    $400 26
King Kong

Amanda
    $400 4
a barometer

Derek
    $400 19
Easter

Joe
    $400 29
hats

Amanda
    $500 12
Yugoslavia

Joe
    $500 15
Avignon

Joe
    $500 27
Jaws

Amanda
    $500 5
a blizzard

Derek
    $500 20
Kwanzaa

Joe
    $500 30
to cast (things you cast)

Amanda

Scores at the first commercial break (after clue 15):

Derek Amanda Joe
$1,200 $800 $1,400

Scores at the end of the Jeopardy! Round:

Derek Amanda Joe
$1,900 $3,000 $3,000

Double Jeopardy! Round responses

THE ARTS
PEOPLE IN HISTORY
PARKS
ASTRONOMY
CONGRESS
AMERICA LITERATURE
    $200 14
The Nutcracker

Amanda
    $200 8
(Derek: Who is Caesar?)
(Alex: Which one?)

Julius Caesar

Derek
    $200 19
Colorado

Derek
    $200 1
Jupiter

Joe
    $200 2
(Al) Gore

Derek
    $200 23
Rip Van Winkle

Derek
    $400 15
the Tonys

Amanda
    $400 9
Anne Frank

Derek
    $400 22
(Alex: Yes, in New York.)

Central Park

Joe
    $400 3
comets

Joe
    $400 4
president pro tem

Amanda
    $400 25
Ahab

Joe
    $600 16
West Side Story

Joe
    $600 11
Martin Luther

Joe
    $600 28
Rainier

Derek
    $600 6
Pluto

Joe
    $600 5
Watergate

Derek
    $600 26
Of Mice and Men

Joe
    $800 20
The Pirates of Penzance

Amanda
    $800 12
Matthew Perry

Derek
    $3,000 29
Richmond (Virginia)

Derek
    $800 7
galaxies

Amanda
    $800 17
two-thirds

Joe
    $800 24
[NOTE: Amanda only included one "the" in her response.]

the House of Seven Gables

Amanda
    $1000 21
Aida

Amanda
    $1000 13
Euclid

Amanda
    $1000 30
Great Smoky Mountain

Amanda
    $1,500 10
dark matter

Derek
    $1000 18
the whips

Derek
    $1000 27
Sid

Triple Stumper

Scores at the end of the Double Jeopardy! Round:

Derek Amanda Joe
$10,600 $9,400 $7,600

Final Jeopardy! Round responses

BUSINESS & INDUSTRY
(Alex: Binney & Smith produce Crayola; they even came up with a new color, called Blue Ribbon, for their 100 billionth [*].)
JoeWhat is a button?
$7,600
AmandaWhat is a crayon?
$1,600
DerekWhat is a crayon?
$4,000
a crayon

Final scores:

Derek Amanda Joe
$14,600 $11,000 $0

Game dynamics:

Coryat scores:

Derek Amanda Joe
$7,900 $9,400 $8,300
19 R
(including 2 DDs),
0 W
19 R,
0 W
20 R,
1 W
(including 1 DD)

Combined Coryat: $25,600

[game clues] [game scores] [suggest correction]

Game tape date: Unknown
The J! Archive is created by fans, for fans. Scraping, republication, monetization, and malicious use prohibited; this site may use cookies and collect identifying information. See terms. The Jeopardy! game show and all elements thereof, including but not limited to copyright and trademark thereto, are the property of Jeopardy Productions, Inc. and are protected under law. This website is not affiliated with, sponsored by, or operated by Jeopardy Productions, Inc. Join the discussion at JBoard.tv.